|
|
|
|
| LEADER |
00315nam a2200097Ia 4500 |
| 008 |
150624b xxu||||| |||| 00| 0 eng d |
| 100 |
|
|
|a Hofstadter, Richard
|
| 245 |
|
|
|a American republic /
|c Richard Hofstadter
|
| 942 |
|
|
|c BK
|
| 999 |
|
|
|c 60317
|d 60317
|
| 952 |
|
|
|0 0
|1 0
|4 0
|7 0
|9 60294
|a UL
|b UL
|c ST1
|d 2012-10-27
|l 0
|p D133
|r 2012-10-27
|w 2012-10-27
|y BK
|